Tschechischer und slowakischer Markt.
Uložené v:
| Predchádzajúci názov: | Markt der ČSFR |
|---|---|
| Médium: | Časopis |
| Jazyk: | German |
| Vydané: |
Praha :
Bonus,
1993-1994.
|
| Tagy: |
Pridať tag
Žiadne tagy, Buďte prvý kto otaguje tento záznam!
|
Titul je dostupný aj v ... 

MARC
| LEADER | 00000nas a22000001a 4500 | ||
|---|---|---|---|
| 001 | 000299513 | ||
| 003 | SVKK | ||
| 005 | 20240418125437.0 | ||
| 008 | 960805d19931994xr sr|p|||||||0|||b0ger c | ||
| 022 | |a 1211-0523 | ||
| 040 | |a BAA001 |b slo |e AACR2 | ||
| 041 | 0 | |a ger | |
| 044 | |a xr |c CZ | ||
| 080 | |a 33 |2 2002 | ||
| 210 | 0 | |a Tschech. slowak. Markt | |
| 222 | 0 | |a Tschechischer und slowakischer Markt | |
| 245 | 0 | 0 | |a Tschechischer und slowakischer Markt. |
| 260 | |a Praha : |b Bonus, |c 1993-1994. | ||
| 310 | |a 24x ročne | ||
| 362 | 0 | |a Jg. 2 (1993) - Jg. 3 (1994) |z ZDB/2010 ; SK ČR/2010 | |
| 780 | 0 | 0 | |t Markt der ČSFR |x 1210-4051 |
| 910 | |a KE001 |b C.6182 | ||
| 998 | |a SE | ||
| 090 | |g CASOS |k Sklad |a C.6182 |j 182662 |i 299513-20 |s Zviazaný časopis | ||
| 090 | |g CASOS |k Sklad |a C.6182 |j 182663 |i 299513-10 |s Zviazaný časopis | ||